000 00217nam a22001097a 4500
082 _a621.815HAL
100 _aHall L
245 _aMachine design
260 _aToyo
_bMcGrawa Hill
_c1980
300 _a344
942 _cBK
999 _c11792
_d11792